00781cam a22002291 450000100060000000300080000600500170001400800390003103500190007003500190008904000340010804100080014208200150015010000270016524500890019226000440028130000370032550000130036250001100037550400310048565000350051610852BD-RjUL20211208235028.0140125s1963 nyu 000 0 eng a(BD-RjUL)10901 a(OCoLC)1293860 aDLCcTxArUdDLCdBD-RjULbeng aeng00a548.7bHIM1 aHilton, Harold,d1876-00aMathematical crystallography and the theory of groups of movements /cHarold Hilton. aNew York :bDover Publications,cc1963. axii, 262 p. :bdiagrs. ;c22 cm. a"S1058." a"An unabridged and corrected republication of the work first published by Clarendon Press, Oxford, 1903." aBibliographical footnotes. 0aCrystallography, Mathematical.